[Event "GER-chT U20 Girls"]
[Site "Magdeburg"]
[Date "2023.12.30"]
[Round "7.1"]
[White "Fischer, Darja"]
[Black "Garbuz, Nicole"]
[Result "1-0"]
[WhiteElo "1775"]
[BlackElo "1847"]
[PlyCount "103"]
[EventDate "2023.12.26"]
[EventType "team-swiss"]
[EventRounds "7"]
[EventCountry "GER"]
[SourceTitle "CB03_2024"]
[SourceDate "2024.01.17"]
[SourceVersion "1"]
[SourceVersionDate "2024.01.17"]
[SourceQuality "1"]
[WhiteTeam "Karlsruhe SF"]
[BlackTeam "Nordhorn Blanke"]
[WhiteTeamCountry "GER"]
[BlackTeamCountry "GER"]

1. d4 d5 2. c4 e6 3. Nc3 Nf6 4. Bg5 dxc4 5. e3 a6 6. Bxc4 c5 7. Nge2 b5 8. Bb3 Bb7 9. 0-0 Nbd7 10. Rc1 c4 11. Bc2 Qc7 12. f3 Bd6 13. Bf4 0-0 14. Ne4 Bxf4 15. Nxf4 e5 16. Ne2 Nd5 17. Qd2 Rfe8 18. N2c3 exd4 19. Nxd5 Bxd5 20. Qxd4 Qe5 21. Rcd1 Be6 22. Qxe5 Nxe5 23. Ng5 h6 24. Nxe6 Rxe6 25. Rfe1 Ree8 26. Rd6 Red8 27. Red1 Nd3 28. Rxd8+ Rxd8 29. Bxd3 cxd3 30. e4 a5 31. Kf2 Rc8 32. Ke3 Rc2 33. Rd2 Rc1 34. Kxd3 Kf8 35. Rc2 Rd1+ 36. Ke3 Ra1 37. a3 Rb1 38. Kd4 Rh1 39. h3 b4 40. axb4 axb4 41. Kc4 Ke7 42. Kxb4 Rd1 43. Kb5 Rd8 44. b4 Rb8+ 45. Ka4 Kd6 46. b5 f6 47. Ka5 Ra8+ 48. Kb6 Rb8+ 49. Ka6 Ra8+ 50. Kb7 Ra5 51. b6 Rb5 52. Ka7 1-0

[Event "GER-ch U16 Girls"]
[Site "Willingen"]
[Date "2023.05.31"]
[Round "5"]
[White "Fischer, Darja"]
[Black "Sereda, Yaroslava"]
[Result "1/2-1/2"]
[WhiteElo "1847"]
[BlackElo "1890"]
[PlyCount "47"]
[EventDate "2023.05.27"]
[EventType "swiss"]
[EventRounds "9"]
[EventCountry "GER"]
[SourceTitle "CBM 214 Extra"]
[Source "ChessBase"]
[SourceDate "2023.07.31"]
[SourceVersion "1"]
[SourceVersionDate "2023.07.31"]
[SourceQuality "1"]

1. d4 Nf6 2. c4 e6 3. Nf3 d5 4. Nc3 a6 5. cxd5 exd5 6. Bg5 Be6 7. e3 Nbd7 8. Bd3 Bd6 9. Qc2 c6 10. 0-0 Qc7 11. Bf5 Bxf5 12. Qxf5 0-0 13. Rab1 Rfe8 14. Bh4 h6 15. Rfc1 g6 16. Qd3 Qb8 17. Bg3 Bxg3 18. hxg3 Ne4 19. b4 Ndf6 20. Ne5 Kg7 21. a4 Nxc3 22. Qxc3 Ne4 23. Qd3 Nd6 24. Rb2 1/2-1/2

[Event "GER-ch U16 Girls"]
[Site "Willingen"]
[Date "2023.05.31"]
[Round "6"]
[White "Trunz, Michelle"]
[Black "Fischer, Darja"]
[Result "1-0"]
[WhiteElo "1972"]
[BlackElo "1847"]
[PlyCount "67"]
[EventDate "2023.05.27"]
[EventType "swiss"]
[EventRounds "9"]
[EventCountry "GER"]
[SourceTitle "CBM 214 Extra"]
[Source "ChessBase"]
[SourceDate "2023.07.31"]
[SourceVersion "1"]
[SourceVersionDate "2023.07.31"]
[SourceQuality "1"]

1. d4 d5 2. c4 e6 3. Nc3 Nf6 4. Bg5 Nbd7 5. e3 Be7 6. Nf3 0-0 7. Rc1 a6 8. a4 Re8 9. Be2 dxc4 10. Bxc4 c5 11. 0-0 cxd4 12. Nxd4 Qa5 13. Bh4 Ne5 14. Ba2 Bd7 15. Bg3 Nc6 16. Nb3 Qh5 17. f3 Nb4 18. Bb1 Nbd5 19. Nxd5 Nxd5 20. e4 Nf6 21. Qd4 Rac8 22. Kh1 Bc6 23. Qb6 Nd7 24. Qa5 Qxa5 25. Nxa5 Bxa4 26. Nxb7 e5 27. Ba2 Kf8 28. f4 Bc6 29. fxe5 f6 30. exf6 Bxb7 31. fxe7+ Kxe7 32. Rf7+ Kd8 33. Bh4+ Nf6 34. Rd1+ 1-0

[Event "GER-chT Lands U20"]
[Site "Wiesbaden"]
[Date "2022.10.03"]
[Round "5.7"]
[White "Mukazhanov, Mansur"]
[Black "Fischer, Darja"]
[Result "0-1"]
[WhiteElo "1319"]
[BlackElo "1738"]
[PlyCount "110"]
[EventDate "2022.09.30"]
[EventType "team-swiss"]
[EventRounds "7"]
[EventCountry "GER"]
[SourceTitle "CBM 210 Extra"]
[Source "ChessBase"]
[SourceDate "2022.11.30"]
[SourceVersion "1"]
[SourceVersionDate "2022.11.30"]
[SourceQuality "1"]
[WhiteTeam "Saarland U20"]
[BlackTeam "Baden U20 II"]
[WhiteTeamCountry "GER"]
[BlackTeamCountry "GER"]

1. e4 c5 2. Nf3 a6 3. d4 cxd4 4. Nxd4 Nf6 5. Nc3 e5 6. Nb3 Bb4 7. Bd3 0-0 8. Bd2 Qc7 9. 0-0 Bxc3 10. Bxc3 d6 11. Qd2 Nc6 12. Rad1 Be6 13. f3 Rfd8 14. Qc1 Rac8 15. Be1 Nd7 16. c3 Nc5 17. Nxc5 dxc5 18. Bb1 Rxd1 19. Qxd1 Rd8 20. Qc2 Qd6 21. f4 Bc4 22. Rf3 exf4 23. e5 Qg6 24. b3 Nxe5 25. Rxf4 Bd3 26. Qd2 c4 27. bxc4 Qb6+ 28. Rd4 Rxd4 29. cxd4 Bxb1 30. c5 Nc4 31. cxb6 Nxd2 32. Bxd2 Bxa2 33. Bb4 f5 34. Kf2 Kf7 35. Ke3 Ke6 36. Kf4 Kd5 37. Bc5 Bb1 38. h4 Be4 39. g3 a5 40. Kg5 a4 41. h5 Kc4 42. Bf8 g6 43. h6 Kxd4 44. Kf6 Ke3 45. Kg7 f4 46. gxf4 Kxf4 47. Kxh7 g5+ 48. Kg7 g4 49. h7 Bxh7 50. Kxh7 g3 51. Kg7 g2 52. Bc5 a3 53. Kf7 a2 54. Ke7 a1Q 55. Kd7 Qa4+ 0-1

[Event "GER-ch U14 Girls"]
[Site "Willingen"]
[Date "2021.08.23"]
[Round "2"]
[White "Voigt, Anastasia"]
[Black "Fischer, Darja"]
[Result "1-0"]
[WhiteElo "1737"]
[BlackElo "1591"]
[PlyCount "93"]
[EventDate "2021.08.22"]
[EventType "swiss"]
[EventRounds "9"]
[EventCountry "GER"]
[SourceTitle "EXT 2022"]
[Source "ChessBase"]
[SourceDate "2021.10.06"]
[SourceVersion "1"]
[SourceVersionDate "2021.10.06"]
[SourceQuality "1"]

1. e4 c6 2. d4 d5 3. Nd2 dxe4 4. Nxe4 Bf5 5. Ng3 Bg6 6. Nf3 Nd7 7. Bc4 e6 8. 0-0 Ngf6 9. c3 Bd6 10. Nh4 Qc7 11. Nxg6 hxg6 12. Qf3 Nh5 13. Re1 Ndf6 14. Bg5 0-0-0 15. Nf1 Rh7 16. g3 Rdh8 17. Rad1 Nd5 18. Bb3 Nhf4 19. Bxf4 Nxf4 20. gxf4 Bxf4 21. Rd3 Bxh2+ 22. Nxh2 Rxh2 23. Kf1 R8h5 24. Qg3 Qd7 25. Re5 Rh6 26. Qe3 g5 27. Rxg5 g6 28. Re5 Qe8 29. d5 Qh8 30. dxe6 R6h3 31. e7 Rxe3 32. Rd8+ Kc7 33. Rxh8 Rxe5 34. Rxh2 Rxe7 35. Rh7 Re5 36. Rxf7+ Kb6 37. f4 Rh5 38. Kg2 a5 39. Rg7 Rf5 40. Kf3 Rb5 41. Rxg6 a4 42. Bxa4 Rxb2 43. Bb3 Kb5 44. f5 c5 45. c4+ Ka5 46. f6 b5 47. cxb5 1-0

[Event "GER-chT U14 Girls"]
[Site "Willingen"]
[Date "2021.06.26"]
[Round "5.1"]
[White "Fischer, Darja"]
[Black "Reddi, Bhuvana"]
[Result "1-0"]
[WhiteElo "1559"]
[BlackElo "1359"]
[PlyCount "85"]
[EventDate "2021.06.23"]
[EventType "team-swiss"]
[EventRounds "7"]
[EventCountry "GER"]
[SourceTitle "EXT 2022"]
[Source "ChessBase"]
[SourceDate "2021.10.06"]
[SourceVersion "1"]
[SourceVersionDate "2021.10.06"]
[SourceQuality "1"]
[WhiteTeam "Karlsruhe SF"]
[BlackTeam "Weisse Dame"]
[WhiteTeamCountry "GER"]
[BlackTeamCountry "GER"]

1. d4 Nf6 2. c4 g6 3. Nc3 Bg7 4. e4 d6 5. Nf3 0-0 6. Be2 Nbd7 7. 0-0 e5 8. Be3 Ne8 9. Qd2 f5 10. Bg5 Bf6 11. Bh6 Ng7 12. exf5 gxf5 13. dxe5 Nxe5 14. Nd4 Kh8 15. f4 Nf7 16. Bxg7+ Bxg7 17. Rae1 Qf6 18. Nc2 Rg8 19. Ne3 c6 20. Bd3 Bh6 21. Ne2 Bd7 22. Ng3 Qd4 23. Ne2 Qf6 24. Qc3 Qxc3 25. Nxc3 Rae8 26. Nxf5 Rxe1 27. Rxe1 Bxf5 28. Bxf5 Bxf4 29. Re7 Rf8 30. Rxb7 Ne5 31. Rxh7+ Kg8 32. Rh5 Nxc4 33. Be6+ Kg7 34. Bxc4 d5 35. Bd3 d4 36. Ne4 Rb8 37. b3 Re8 38. Rh7+ Kf8 39. Rxa7 c5 40. Rh7 Re5 41. g3 Be3+ 42. Kg2 Rf5 43. Rc7 1-0

[Event "GER-chT U14 Girls"]
[Site "Willingen"]
[Date "2021.06.24"]
[Round "2.1"]
[White "Arnold, Rubina"]
[Black "Fischer, Darja"]
[Result "1/2-1/2"]
[WhiteElo "1442"]
[BlackElo "1559"]
[PlyCount "81"]
[EventDate "2021.06.23"]
[EventType "team-swiss"]
[EventRounds "7"]
[EventCountry "GER"]
[SourceTitle "EXT 2022"]
[Source "ChessBase"]
[SourceDate "2021.10.06"]
[SourceVersion "1"]
[SourceVersionDate "2021.10.06"]
[SourceQuality "1"]
[WhiteTeam "Oberschoeneweide"]
[BlackTeam "Karlsruhe SF"]
[WhiteTeamCountry "GER"]
[BlackTeamCountry "GER"]

1. e4 c5 2. Nf3 a6 3. c3 d5 4. exd5 Qxd5 5. Be2 Nf6 6. 0-0 e6 7. c4 Qd8 8. b3 Be7 9. Bb2 0-0 10. d4 cxd4 11. Nxd4 Bd7 12. Bf3 Qc7 13. Nc3 Nc6 14. Nxc6 Bxc6 15. Qe2 Bxf3 16. Qxf3 Rfd8 17. Rad1 Bd6 18. g3 Be5 19. Ba1 Qa5 20. a4 Rac8 21. Ne4 Nxe4 22. Qxe4 Bxa1 23. Rxa1 Qb4 24. Qf3 Rd2 25. Rfd1 Rcd8 26. Rxd2 Rxd2 27. Rd1 Rxd1+ 28. Qxd1 g6 29. Qd8+ Kg7 30. Qd4+ Kg8 31. Qd8+ Qf8 32. Qxf8+ Kxf8 33. b4 Ke7 34. f4 e5 35. fxe5 Ke6 36. Kf2 Kxe5 37. Ke3 f5 38. a5 h6 39. b5 f4+ 40. gxf4+ Ke6 41. Kf3 1/2-1/2

[Event "GER-chT U14 Girls"]
[Site "Willingen"]
[Date "2021.06.24"]
[Round "1.1"]
[White "Fischer, Darja"]
[Black "Hergenroeder, Cora"]
[Result "1-0"]
[WhiteElo "1559"]
[BlackElo "1489"]
[PlyCount "73"]
[EventDate "2021.06.23"]
[EventType "team-swiss"]
[EventRounds "7"]
[EventCountry "GER"]
[SourceTitle "EXT 2022"]
[Source "ChessBase"]
[SourceDate "2021.10.06"]
[SourceVersion "1"]
[SourceVersionDate "2021.10.06"]
[SourceQuality "1"]
[WhiteTeam "Karlsruhe SF"]
[BlackTeam "Oberkotzau"]
[WhiteTeamCountry "GER"]
[BlackTeamCountry "GER"]

1. d4 d5 2. c4 c6 3. Nc3 Nf6 4. Qc2 g6 5. Bf4 Bf5 6. Qd2 Bg7 7. e3 e6 8. Be2 h5 9. Nf3 Nbd7 10. Ne5 Nxe5 11. Bxe5 0-0 12. h3 dxc4 13. Bxf6 Bxf6 14. e4 Bxd4 15. exf5 Bxf2+ 16. Kd1 Qxd2+ 17. Kxd2 Rad8+ 18. Kc2 exf5 19. Bxc4 Rfe8 20. Rad1 Be3 21. Rhe1 Rxd1 22. Rxd1 Re7 23. Rd8+ Kg7 24. Kd3 Bg5 25. Kc2 b5 26. Bd3 Re1 27. Rd6 Re6 28. Rd7 a5 29. Ne2 a4 30. b3 axb3+ 31. Kxb3 Re3 32. Kb4 Rg3 33. Nxg3 Bh4 34. Ne2 Be1+ 35. Kc5 b4 36. Bc4 Kh6 37. Bxf7 1-0

[Event "GER-chT Christmas U20 Girls"]
[Site "Playchess.com INT"]
[Date "2020.12.29"]
[Round "5.1"]
[White "Fischer, Darja"]
[Black "Dietz, Kristin"]
[Result "1/2-1/2"]
[WhiteElo "1559"]
[BlackElo "1911"]
[PlyCount "134"]
[EventDate "2020.12.29"]
[EventType "team-swiss (blitz)"]
[EventRounds "7"]
[EventCountry "GER"]
[SourceTitle "CBM 200 Extra"]
[Source "ChessBase"]
[SourceDate "2021.03.31"]
[SourceVersion "1"]
[SourceVersionDate "2021.03.31"]
[SourceQuality "1"]
[WhiteTeam "Karlsruhe"]
[BlackTeam "Halle USV"]
[WhiteTeamCountry "GER"]
[BlackTeamCountry "GER"]

1. d4 Nf6 2. c4 c5 3. d5 b5 4. cxb5 a6 5. bxa6 g6 6. Nc3 Bg7 7. e4 0-0 8. Nf3 Qa5 9. Bd2 Bxa6 10. Bxa6 Nxa6 11. 0-0 Nb4 12. a3 Nd3 13. Qc2 c4 14. Nd4 Qb6 15. Ncb5 Nxe4 16. Be3 Qb7 17. Qxc4 Nxb2 18. Qc2 Qxd5 19. Qxb2 Rab8 20. Qe2 e5 21. Nc7 Qb7 22. Ndb5 d5 23. Rfc1 d4 24. Bd2 Nxd2 25. Qxd2 e4 26. Rab1 Rfc8 27. h3 Be5 28. Qa5 Rxc7 29. Nxc7 Qxb1 30. Qc5 Bxc7 31. Qxc7 Qb7 32. Qe5 d3 33. Qf4 Qb2 34. Rd1 Rc8 35. Qxe4 Rc1 36. Qxd3 Rxd1+ 37. Qxd1 Qxa3 38. g3 Qa5 39. Kg2 Qf5 40. Qf3 Qc2 41. h4 Kg7 42. Kh3 Qc1 43. Qe2 Qh1+ 44. Kg4 f5+ 45. Kf4 Qh3 46. Qe5+ Kg8 47. Qe6+ Kg7 48. Ke5 Qf1 49. Qf6+ Kg8 50. Qd8+ Kf7 51. Qf6+ Ke8 52. Qc6+ Ke7 53. Qe6+ Kd8 54. Qd6+ Kc8 55. Qc6+ Kb8 56. Qb6+ Ka8 57. Qd8+ Kb7 58. Qd5+ Kb6 59. Qd4+ Kb5 60. Kf6 Qc1 61. Qd5+ Kb4 62. Qd4+ Kb3 63. Qb6+ Ka4 64. Qa6+ Kb4 65. Qb6+ Ka4 66. Qa6+ Kb4 67. Qb6+ Ka4 1/2-1/2

[Event "GER-chT Christmas U20 Girls"]
[Site "Playchess.com INT"]
[Date "2020.12.29"]
[Round "7.1"]
[White "Fischer, Darja"]
[Black "Lange, Cecilia"]
[Result "0-1"]
[WhiteElo "1559"]
[BlackElo "1965"]
[PlyCount "68"]
[EventDate "2020.12.29"]
[EventType "team-swiss (blitz)"]
[EventRounds "7"]
[EventCountry "GER"]
[SourceTitle "CBM 200 Extra"]
[Source "ChessBase"]
[SourceDate "2021.03.31"]
[SourceVersion "1"]
[SourceVersionDate "2021.03.31"]
[SourceQuality "1"]
[WhiteTeam "Karlsruhe"]
[BlackTeam "Oberschoeneweide"]
[WhiteTeamCountry "GER"]
[BlackTeamCountry "GER"]

1. d4 d5 2. c4 dxc4 3. Nc3 Nf6 4. e4 e6 5. Bxc4 Bb4 6. f3 Bd7 7. Bg5 h6 8. Bh4 Be7 9. Nge2 a6 10. Qc2 0-0 11. f4 Nc6 12. h3 Be8 13. g4 Nxd4 14. Nxd4 Qxd4 15. e5 Nd5 16. Bxe7 Nxe7 17. Bd3 Qxf4 18. Qe2 Rd8 19. h4 Qg3+ 20. Kd2 Nc6 21. g5 Nxe5 22. Rag1 Qxd3+ 23. Qxd3 Nxd3 24. Kc2 hxg5 25. Rxg5 f6 26. Rg3 Ne5 27. h5 Bc6 28. Rh2 Nf3 29. Rhh3 Nd4+ 30. Kb1 Nf5 31. Rg1 Rd2 32. h6 g5 33. h7+ Kh8 34. Nd1 Rf7 0-1

[Event "GER-chT Christmas U16 Lasker"]
[Site "Playchess.com INT"]
[Date "2020.12.28"]
[Round "5.1"]
[White "Hetzner, Hannes"]
[Black "Fischer, Darja"]
[Result "0-1"]
[WhiteElo "1983"]
[BlackElo "1559"]
[PlyCount "120"]
[EventDate "2020.12.28"]
[EventType "team-swiss (blitz)"]
[EventRounds "7"]
[EventCountry "GER"]
[SourceTitle "CBM 200 Extra"]
[Source "ChessBase"]
[SourceDate "2021.03.31"]
[SourceVersion "1"]
[SourceVersionDate "2021.03.31"]
[SourceQuality "1"]
[WhiteTeam "Erlangen"]
[BlackTeam "Karlsruhe II"]
[WhiteTeamCountry "GER"]
[BlackTeamCountry "GER"]

1. e4 c5 2. Nf3 a6 3. c3 d5 4. exd5 Qxd5 5. d4 e6 6. Be2 Nf6 7. 0-0 Be7 8. Ne5 cxd4 9. cxd4 0-0 10. Bf3 Qd8 11. Nc3 Nbd7 12. Qe2 Qc7 13. Bf4 Bd6 14. Rac1 Qd8 15. Rfd1 Rb8 16. Bd2 Qe7 17. Bg5 h6 18. Bh4 Re8 19. Nc4 Bc7 20. Re1 b5 21. Ne5 Bb7 22. Ne4 Bxe4 23. Rxc7 Bxf3 24. Qxf3 Nxe5 25. Qc3 Qf8 26. Bxf6 Nc4 27. Bh4 Qd6 28. Bg3 Qb6 29. Rxc4 bxc4 30. Bxb8 Rxb8 31. Qxc4 Qxb2 32. Qxa6 Qxd4 33. h3 Rb2 34. Rf1 Qd2 35. a4 Ra2 36. Qa8+ Kh7 37. Qe4+ g6 38. Qb7 Kg7 39. Qb5 Qd5 40. Qb4 Kh7 41. Qc3 Rxa4 42. Qc7 Qf5 43. Qg3 Rd4 44. Rc1 Rd3 45. Qg4 Qxg4 46. hxg4 Kg7 47. Rc7 Kf6 48. f3 Rd2 49. Kh2 Kg5 50. Kg3 f5 51. gxf5 exf5 52. Rc5 Rd1 53. Ra5 Rh1 54. Rb5 h5 55. Ra5 h4+ 56. Kf2 Rc1 57. Ra8 Rc2+ 58. Kg1 Kf4 59. Ra4+ Kg3 60. Ra6 Rc1# 0-1

[Event "GER-chT Christmas U16 Lasker"]
[Site "Playchess.com INT"]
[Date "2020.12.28"]
[Round "7.1"]
[White "Ramien, Hannah"]
[Black "Fischer, Darja"]
[Result "0-1"]
[WhiteElo "1396"]
[BlackElo "1559"]
[PlyCount "46"]
[EventDate "2020.12.28"]
[EventType "team-swiss (blitz)"]
[EventRounds "7"]
[EventCountry "GER"]
[SourceTitle "CBM 200 Extra"]
[Source "ChessBase"]
[SourceDate "2021.03.31"]
[SourceVersion "1"]
[SourceVersionDate "2021.03.31"]
[SourceQuality "1"]
[WhiteTeam "Koeln Porz II"]
[BlackTeam "Karlsruhe II"]
[WhiteTeamCountry "GER"]
[BlackTeamCountry "GER"]

1. e4 c5 2. Nc3 a6 3. a4 e6 4. f4 d5 5. Nf3 Nf6 6. d3 Nc6 7. Be2 Be7 8. 0-0 0-0 9. Qe1 dxe4 10. dxe4 Nd4 11. Bd1 b6 12. Be3 Bb7 13. Bf2 Qd7 14. Ne5 Qd6 15. Nd3 Qd8 16. e5 Nd5 17. Bxd4 cxd4 18. Ne2 Ne3 19. Rf2 Qd5 20. Ng3 Nxg2 21. Qf1 Ne3 22. Qe2 Nf5 23. Nxf5 Qh1# 0-1

[Event "GER-ch U14 Girls"]
[Site "Willingen"]
[Date "2020.10.23"]
[Round "6"]
[White "Fischer, Darja"]
[Black "Petersen, Sophie"]
[Result "1-0"]
[WhiteElo "1598"]
[BlackElo "1524"]
[PlyCount "73"]
[EventDate "2020.10.19"]
[EventType "swiss"]
[EventRounds "7"]
[EventCountry "GER"]
[SourceTitle "EXT 2022"]
[Source "ChessBase"]
[SourceDate "2021.10.06"]
[SourceVersion "1"]
[SourceVersionDate "2021.10.06"]
[SourceQuality "1"]

1. d4 d5 2. c4 e6 3. Nc3 Nf6 4. Bg5 Be7 5. e3 0-0 6. Nf3 Nbd7 7. cxd5 exd5 8. Bd3 Re8 9. Qc2 Nf8 10. Bxf6 Bxf6 11. 0-0-0 c6 12. Rdg1 b5 13. g4 a5 14. h4 g6 15. g5 Bg7 16. Ne1 a4 17. Rg3 Bd7 18. a3 Qa5 19. Na2 Bxd4 20. h5 c5 21. Kd1 Be5 22. f4 c4 23. fxe5 cxd3 24. Nxd3 Bf5 25. Nab4 Rac8 26. Qf2 Qa8 27. h6 d4 28. Rf1 dxe3 29. Rxe3 Ne6 30. Kd2 Nxg5 31. Qh4 f6 32. exf6 Qg2+ 33. Qf2 Qxf2+ 34. Nxf2 Kf7 35. Rxe8 Rxe8 36. Nc6 Kxf6 37. Nd4 1-0

[Event "GER-ch U14 Girls"]
[Site "Willingen"]
[Date "2020.10.23"]
[Round "5"]
[White "Lieberwirth, Nele"]
[Black "Fischer, Darja"]
[Result "0-1"]
[WhiteElo "1366"]
[BlackElo "1598"]
[PlyCount "90"]
[EventDate "2020.10.19"]
[EventType "swiss"]
[EventRounds "7"]
[EventCountry "GER"]
[SourceTitle "EXT 2022"]
[Source "ChessBase"]
[SourceDate "2021.10.06"]
[SourceVersion "1"]
[SourceVersionDate "2021.10.06"]
[SourceQuality "1"]

1. d4 d5 2. c4 e6 3. Nc3 Nf6 4. Bg5 Nbd7 5. e3 Be7 6. Nf3 0-0 7. Qc2 c5 8. b3 b6 9. Bd3 h6 10. Bf4 Bb7 11. 0-0 a6 12. Rfd1 Rc8 13. Rab1 Nh5 14. Bg3 Nxg3 15. fxg3 cxd4 16. exd4 b5 17. c5 Nxc5 18. dxc5 Bxc5+ 19. Kh1 Bb4 20. Qe2 Bxc3 21. Ne5 Bxe5 22. Qxe5 Qc7 23. Qd4 e5 24. Qg4 e4 25. Be2 Qe5 26. Re1 Rfd8 27. Rbd1 Qg5 28. Qxg5 hxg5 29. Bg4 Rb8 30. h4 gxh4 31. gxh4 g6 32. Rd4 f5 33. Bh3 Rbc8 34. g3 Rc3 35. Rg1 Rdc8 36. Rd2 Rc2 37. Rgg2 Rxd2 38. Rxd2 e3 39. Re2 d4+ 40. Kh2 Be4 41. Bf1 Rc1 42. Kg1 Bd3 43. Kg2 Bxe2 44. Bxe2 Rc2 45. Kf3 Rxa2 0-1

[Event "GER Pfingstopen U16"]
[Site "Playchess.com INT"]
[Date "2020.06.05"]
[Round "8"]
[White "Fischer, Darja"]
[Black "Reich, Jason Christian"]
[Result "1/2-1/2"]
[WhiteElo "1552"]
[BlackElo "1444"]
[PlyCount "81"]
[EventDate "2020.06.05"]
[EventType "swiss (blitz)"]
[EventRounds "11"]
[EventCountry "GER"]
[SourceTitle "CBM 197 Extra"]
[Source "ChessBase"]
[SourceDate "2020.09.30"]
[SourceVersion "1"]
[SourceVersionDate "2020.09.30"]
[SourceQuality "1"]

1. d4 Nf6 2. c4 e6 3. Nc3 Bb4 4. Bg5 0-0 5. e4 Bxc3+ 6. bxc3 h6 7. Bxf6 Qxf6 8. Nf3 d6 9. Bd3 e5 10. d5 c6 11. 0-0 Bg4 12. Be2 Nd7 13. h3 Bh5 14. Nd2 Bxe2 15. Qxe2 Qe7 16. f4 exf4 17. Rxf4 Qg5 18. Raf1 Ne5 19. Rf5 Qe7 20. Nf3 cxd5 21. cxd5 Rae8 22. Nxe5 dxe5 23. c4 f6 24. Rc1 Qc5+ 25. Qf2 Qxf2+ 26. Rxf2 Rc8 27. Rfc2 Rfd8 28. c5 Kf8 29. c6 bxc6 30. Rxc6 Rxc6 31. Rxc6 Rd7 32. Kf2 Ke7 33. Ke3 Rb7 34. Kd3 Kd7 35. Kc4 Rc7 36. Kc5 h5 37. a4 Rb7 38. Ra6 Rc7+ 39. Rc6 Rb7 40. Ra6 Rc7+ 41. Rc6 1/2-1/2

[Event "GER Pfingstopen U25"]
[Site "Playchess.com INT"]
[Date "2020.06.02"]
[Round "5"]
[White "Fischer, Darja"]
[Black "Fidlin, Simon"]
[Result "1/2-1/2"]
[WhiteElo "1466"]
[BlackElo "1824"]
[PlyCount "170"]
[EventDate "2020.06.02"]
[EventType "swiss (blitz)"]
[EventRounds "11"]
[EventCountry "GER"]
[SourceTitle "CBM 197 Extra"]
[Source "ChessBase"]
[SourceDate "2020.09.30"]
[SourceVersion "1"]
[SourceVersionDate "2020.09.30"]
[SourceQuality "1"]

1. d4 Nf6 2. c4 e6 3. Nc3 d5 4. Bg5 Be7 5. cxd5 exd5 6. Nf3 0-0 7. e3 b6 8. Bd3 Ba6 9. 0-0 c5 10. Qc2 Bxd3 11. Qxd3 h6 12. Bxf6 Bxf6 13. dxc5 bxc5 14. Qxd5 Bxc3 15. Qxd8 Rxd8 16. bxc3 Nc6 17. Rfd1 Kf8 18. Rab1 Rab8 19. Kf1 Rxb1 20. Rxb1 Rd3 21. Rb3 c4 22. Ra3 a5 23. Nd4 Nxd4 24. exd4 Ke7 25. Ke2 Kd6 26. f3 g6 27. g3 h5 28. h3 Ke6 29. g4 hxg4 30. hxg4 Kf6 31. Rxa5 Rxc3 32. Rc5 Rc2+ 33. Ke3 Ke6 34. a4 Rc3+ 35. Ke4 Rc1 36. a5 f5+ 37. gxf5+ gxf5+ 38. Rxf5 Re1+ 39. Kf4 c3 40. Rc5 Rc1 41. Ke3 Ra1 42. Kd3 Ra3 43. f4 Kd6 44. f5 Ke7 45. Re5+ Kf6 46. Rc5 Ke7 47. Ke4 c2 48. Rxc2 Rxa5 49. Rc5 Ra1 50. Rc6 Re1+ 51. Kd5 Kd7 52. Rh6 Rf1 53. Rh7+ Ke8 54. Ke6 Re1+ 55. Kf6 Rd1 56. Ke5 Re1+ 57. Kd6 Rf1 58. Ke5 Re1+ 59. Kf6 Rd1 60. Re7+ Kf8 61. Rd7 Ke8 62. Re7+ Kf8 63. Ra7 Ke8 64. Ke6 Re1+ 65. Kd6 Rf1 66. Re7+ Kd8 67. Re5 Ra1 68. Rc5 Rf1 69. Ke6 Re1+ 70. Re5 Rf1 71. f6 Ke8 72. d5 Kf8 73. d6 Rd1 74. d7 Rd2 75. Rd5 Re2+ 76. Kd6 Kf7 77. d8Q Re1 78. Qh8 Re6+ 79. Kc7 Rxf6 80. Rd7+ Kg6 81. Rg7+ Kf5 82. Qh5+ Ke6 83. Kc6 Rf5 84. Qf7+ Rxf7 85. Rxf7 Kxf7 1/2-1/2

[Event "GER Pfingstopen U25"]
[Site "Playchess.com INT"]
[Date "2020.06.02"]
[Round "3"]
[White "Fischer, Darja"]
[Black "Malinowsky, Celina"]
[Result "1-0"]
[WhiteElo "1445"]
[BlackElo "1620"]
[PlyCount "127"]
[EventDate "2020.06.02"]
[EventType "swiss (blitz)"]
[EventRounds "11"]
[EventCountry "GER"]
[SourceTitle "CBM 197 Extra"]
[Source "ChessBase"]
[SourceDate "2020.09.30"]
[SourceVersion "1"]
[SourceVersionDate "2020.09.30"]
[SourceQuality "1"]

1. d4 d5 2. c4 Nf6 3. Nc3 e6 4. Bg5 Be7 5. cxd5 Nxd5 6. Bxe7 Nxe7 7. e4 Nbc6 8. Nf3 Bd7 9. Be2 Ng6 10. g3 0-0 11. 0-0 Nce7 12. Re1 Bc6 13. Bf1 Re8 14. Bg2 Qd7 15. Qd2 Rad8 16. Rad1 b6 17. Qc2 Nc8 18. a4 e5 19. d5 Bb7 20. Nb5 c6 21. dxc6 Qxc6 22. Qxc6 Bxc6 23. Nc3 Nce7 24. Bh3 f6 25. Be6+ Kf8 26. Kf1 Nc8 27. Bxc8 Rxc8 28. Rc1 Ke7 29. Re2 Red8 30. Rec2 Rd7 31. Nd5+ Bxd5 32. Rxc8 Bxe4 33. Ne1 Ke6 34. R8c7 Rxc7 35. Rxc7 Ne7 36. Rxa7 Nd5 37. Rxg7 Bg6 38. Rb7 f5 39. Nd3 f4 40. Ke2 fxg3 41. hxg3 Kf6 42. f4 exf4 43. Nxf4 Nxf4+ 44. gxf4 Kf5 45. Rxb6 Kxf4 46. a5 Ke5 47. a6 Be4 48. a7 h5 49. Rb8 h4 50. Re8+ Kf5 51. Rxe4 Kxe4 52. a8Q+ Kf4 53. Qf3+ Kg5 54. Ke3 h3 55. Qxh3 Kf6 56. Qd7 Ke5 57. Qd4+ Ke6 58. Ke4 Ke7 59. Ke5 Kf7 60. Qf4+ Ke7 61. Qf6+ Ke8 62. Qg7 Kd8 63. Kd6 Kc8 64. Qc7# 1-0

[Event "GER-ch Net blitz qual4"]
[Site "Playchess.com INT"]
[Date "2020.03.23"]
[Round "8"]
[White "Riering, Berthold"]
[Black "Fischer, Darja"]
[Result "1-0"]
[WhiteElo "1971"]
[BlackElo "1456"]
[PlyCount "47"]
[EventDate "2020.03.23"]
[EventType "swiss (blitz)"]
[EventRounds "9"]
[EventCountry "GER"]
[SourceTitle "CBM 195 Extra"]
[Source "ChessBase"]
[SourceDate "2020.05.31"]
[SourceVersion "1"]
[SourceVersionDate "2020.05.31"]
[SourceQuality "1"]

1. e4 c5 2. d3 a6 3. f4 d5 4. Be2 Nc6 5. Nf3 dxe4 6. dxe4 Nf6 7. Qxd8+ Kxd8 8. Nc3 Bg4 9. e5 Nd7 10. Ng5 Bxe2 11. Nxe2 Ke8 12. Be3 e6 13. 0-0-0 Be7 14. Ne4 Rd8 15. Nd6+ Bxd6 16. Rxd6 Ke7 17. Rhd1 Rhe8 18. c3 Kf8 19. Ng3 Re7 20. Ne4 c4 21. Nc5 Ke8 22. Nxb7 Rb8 23. Rxc6 Rxb7 24. Rc8# 1-0